LEADER 01159nam a2200289 i 4500 001 000000046084 003 CaOOAMICUS 005 20250505160618.0 008 050707s1982 vc u000 u mul u 013 $a17254 020 $a88-209-0007-6 040 $aSeMil$bita 100 0 $aIoannes Paulus II,$c.$0(OLS)http://semarc/name/646 245 10$a1981 :$b(Luglio-Dicembre) 260 $a[Cittą del Vaticano] :$bLibreria Editrice Vaticana,$c1982. 300 $aXXXI, 1313 p. 773 0 $tInsegnamenti di Giovanni Paolo 2.$dCittą del Vaticano : Libreria Editrice Vaticana, 1979-2005.$g4$w()794 850 $aSeMil 852 $aSeMil$W1$xVenegono$y1$m2A III 198$j12239$B12239$CSeMilBibl$Z2$F12239 $81 900 1 $aWojtyla, Karol,$d<1920-2005>. 900 0 $aGiovanni Paolo II$c. 996 $6020$a88-209-0007-6$9(OLS)http://semarc/number/18480 996 $6245$a1981 :$b(Luglio-Dicembre)$9(OLS)http://semarc/title/68756 996 $6260$a[Cittą del Vaticano] :$bLibreria Editrice Vaticana$9(OLS)http://semarc/publisher/33859 LEADER 00935nam a2200241 i 4500 001 000000069382 003 CaOOAMICUS 005 20250409091031.0 008 100824s1977 gw u000 u ger u 013 $a40554 020 $a3-11-006995-4 040 $aSeMil$bita 245 10$aAnmerkungen der Bände 1.-5. 260 $aBerlin ; New York :$bDe Gruyter,$c1977. 300 $a1 v. (pag. varia) ;$c19 cm. 773 0 $aKant, Immanuel <1724-1804>$tKants Werke.$bRepr. Nachdruck$dBerlin : De Gruyter, 1968-1977.$w()3330 850 $aSeMil 852 $aSeMil$W1$xVenegono$y1$m2LL I 49$j255892$B35535$CSeMilBibl$Z2$F35538 $81 961 $aAcquisto: Casa editrice 996 $6020$a3-11-006995-4$9(OLS)http://semarc/number/47865 996 $6245$aAnmerkungen der Bände 1.-5$9(OLS)http://semarc/title/111052 996 $6260$aBerlin ; New York :$bDe Gruyter$9(OLS)http://semarc/publisher/29892